<?xml version="1.0" encoding="UTF-8"?>
<record
    xmlns:xsi="http://www.w3.org/2001/XMLSchema-instance"
    xsi:schemaLocation="http://www.loc.gov/MARC21/slim http://www.loc.gov/standards/marcxml/schema/MARC21slim.xsd"
    xmlns="http://www.loc.gov/MARC21/slim">

  <leader>01636nam a2200373Ia 4500</leader>
  <controlfield tag="008">230522s2023    sp            000 0 cat d</controlfield>
  <datafield tag="041" ind1=" " ind2=" ">
    <subfield code="a">cat</subfield>
  </datafield>
  <datafield tag="245" ind1="0" ind2="3">
    <subfield code="a">La bretxa salarial de g&#xE8;nere i els ERTO, una an&#xE1;lisi en profunditat</subfield>
    <subfield code="b">: febrer 2023</subfield>
    <subfield code="c">/ [coordinaci&#xF3;, Centre d&#x2019;Estudis i Recerca Sindicals de CCOO de Catalunya ; elaboraci&#xF3;, Irene Gal&#xED; Magallon, Marc Andreu Acebal, Dolors Llobet i Maria, Mentxu Guti&#xE9;rrez Jim&#xE9;nez, Cristina Torre L&#xF3;pez]</subfield>
  </datafield>
  <datafield tag="260" ind1=" " ind2=" ">
    <subfield code="a">Barcelona :</subfield>
    <subfield code="b">CCOO de Catalunya,</subfield>
    <subfield code="c">2023</subfield>
  </datafield>
  <datafield tag="300" ind1=" " ind2=" ">
    <subfield code="a">45 p.  ;</subfield>
    <subfield code="c">30 cm</subfield>
  </datafield>
  <datafield tag="650" ind1=" " ind2=" ">
    <subfield code="a">DIFERENCIA DEL SALARIO</subfield>
    <subfield code="9">1833</subfield>
  </datafield>
  <datafield tag="650" ind1=" " ind2=" ">
    <subfield code="a">DISCRIMINACION POR RAZONES DE SEXO</subfield>
    <subfield code="9">201</subfield>
  </datafield>
  <datafield tag="650" ind1=" " ind2="0">
    <subfield code="a">IGUALDAD DE REMUNERACION</subfield>
    <subfield code="9">402</subfield>
  </datafield>
  <datafield tag="650" ind1=" " ind2=" ">
    <subfield code="a">DERECHOS DE LA MUJER</subfield>
    <subfield code="9">392</subfield>
  </datafield>
  <datafield tag="650" ind1=" " ind2=" ">
    <subfield code="a">MUJERES</subfield>
    <subfield code="9">199</subfield>
  </datafield>
  <datafield tag="650" ind1=" " ind2="0">
    <subfield code="a">REGULACION DE EMPLEO</subfield>
    <subfield code="9">1326</subfield>
  </datafield>
  <datafield tag="650" ind1=" " ind2="0">
    <subfield code="a">DIVISION DEL TRABAJO POR SEXO</subfield>
    <subfield code="9">1604</subfield>
  </datafield>
  <datafield tag="650" ind1=" " ind2="0">
    <subfield code="a">INTEGRACION DE LA PERSPECTIVA DE GENERO</subfield>
    <subfield code="9">6471</subfield>
  </datafield>
  <datafield tag="650" ind1=" " ind2=" ">
    <subfield code="a">INFORME</subfield>
    <subfield code="9">363</subfield>
  </datafield>
  <datafield tag="650" ind1=" " ind2=" ">
    <subfield code="a">ANALISIS DE DATOS</subfield>
    <subfield code="9">9217</subfield>
  </datafield>
  <datafield tag="650" ind1=" " ind2="0">
    <subfield code="a">COMUNIDADES AUTONOMAS</subfield>
    <subfield code="9">344</subfield>
  </datafield>
  <datafield tag="650" ind1=" " ind2=" ">
    <subfield code="a">CATALU&#xD1;A</subfield>
    <subfield code="9">539</subfield>
  </datafield>
  <datafield tag="650" ind1=" " ind2="0">
    <subfield code="a">ACTITUD SINDICAL</subfield>
    <subfield code="9">61</subfield>
  </datafield>
  <datafield tag="700" ind1="1" ind2=" ">
    <subfield code="9">34113</subfield>
    <subfield code="a">ANDREU ACEBAL, Marc</subfield>
    <subfield code="e">ed. lit.</subfield>
  </datafield>
  <datafield tag="700" ind1="1" ind2=" ">
    <subfield code="9">35085</subfield>
    <subfield code="a">GALI MAGALLON, Irene</subfield>
    <subfield code="e">ed. lit.</subfield>
  </datafield>
  <datafield tag="700" ind1="1" ind2=" ">
    <subfield code="9">31327</subfield>
    <subfield code="a">LLOBET MARIA, Dolors</subfield>
    <subfield code="e">ed. lit.</subfield>
  </datafield>
  <datafield tag="700" ind1="1" ind2=" ">
    <subfield code="9">34569</subfield>
    <subfield code="a">GUTIERREZ JIMENEZ, Mentxu</subfield>
    <subfield code="e">ed. lit.</subfield>
  </datafield>
  <datafield tag="700" ind1="1" ind2=" ">
    <subfield code="9">31123</subfield>
    <subfield code="a">TORRE LOPEZ, Cristina</subfield>
    <subfield code="e">ed. lit.</subfield>
  </datafield>
  <datafield tag="700" ind1="1" ind2=" ">
    <subfield code="9">20132</subfield>
    <subfield code="a">TORO MU&#xD1;OZ, Miquel de</subfield>
  </datafield>
  <datafield tag="710" ind1="2" ind2=" ">
    <subfield code="a">CCOO</subfield>
    <subfield code="b">CONC,</subfield>
    <subfield code="e">ed.</subfield>
    <subfield code="9">2438</subfield>
  </datafield>
  <datafield tag="710" ind1="2" ind2=" ">
    <subfield code="a">CERES</subfield>
    <subfield code="b">Centre d'Estudis i Recerca Sindicals</subfield>
    <subfield code="e">coord.</subfield>
    <subfield code="9">29697</subfield>
  </datafield>
  <datafield tag="856" ind1=" " ind2=" ">
    <subfield code="z">PDF</subfield>
    <subfield code="u">https://docpublicos.ccoo.es/cendoc/066113BretxaSalarialGenero2023.pdf</subfield>
  </datafield>
  <datafield tag="942" ind1=" " ind2=" ">
    <subfield code="c">DOCU_ELEC</subfield>
    <subfield code="2">ddc</subfield>
  </datafield>
  <datafield tag="999" ind1=" " ind2=" ">
    <subfield code="c">56736</subfield>
    <subfield code="d">56736</subfield>
  </datafield>
  <datafield tag="952" ind1=" " ind2=" ">
    <subfield code="0">0</subfield>
    <subfield code="1">0</subfield>
    <subfield code="2">ddc</subfield>
    <subfield code="4">0</subfield>
    <subfield code="7">0</subfield>
    <subfield code="a">CENDO</subfield>
    <subfield code="b">CENDO</subfield>
    <subfield code="d">2023-05-22</subfield>
    <subfield code="i">066113</subfield>
    <subfield code="l">0</subfield>
    <subfield code="p">2023-0337</subfield>
    <subfield code="r">2023-05-22 00:00:00</subfield>
    <subfield code="u">https://docpublicos.ccoo.es/cendoc/066113BretxaSalarialGenero2023.pdf</subfield>
    <subfield code="w">2023-05-22</subfield>
    <subfield code="y">DOCU_ELEC</subfield>
  </datafield>
</record>
